|
|
|
|
| LEADER |
02034nam a22003732a 4500 |
| 001 |
000232435 |
| 003 |
CZ BrMZK |
| 005 |
20070522105509.0 |
| 007 |
ta |
| 008 |
950101s1962 xr f cze d |
| 015 |
|
|
|a cnb000623455
|
| 020 |
|
|
|q (Brož.) :
|c Kčs 11,10
|
| 035 |
|
|
|a (OCoLC)85470934
|
| 040 |
|
|
|a ABA001
|b cze
|c LIA001
|d ABA001
|d BOA001
|
| 080 |
9 |
|
|a 16(022)
|
| 100 |
1 |
|
|a Berka, Karel,
|d 1923-2004
|7 jk01011842
|4 aut
|
| 245 |
1 |
0 |
|a Co je logika /
|c autoři: Karel Berka, Miroslav Mleziva
|
| 250 |
|
|
|a 1. vyd.
|
| 260 |
|
|
|a Praha :
|b NPL,
|c 1962
|f (Rudé právo)
|
| 300 |
|
|
|a 231, [4] s. ;
|c 8°
|
| 500 |
|
|
|a Jmenný a věcný rejstřík
|
| 500 |
|
|
|a 6500 výt.
|
| 500 |
|
|
|a Pozn.
|
| 500 |
|
|
|a Odkazy na lit.
|
| 520 |
2 |
|
|a Publikace nechce ani plnit požadavky kladené na učebnici, ani podat soustavu logiky. Chce však formulovat koncepci odpovídající soudobému stavu poznatků a založenou na vědeckém světovém názoru. Úvodem objasňuje populární formou základní termíny a některé logické teorie. Poté vykládá teorii deduktivních soustav a předmět logiky, kritizuje současné názory na logiku a její místo v soustavě věd a vymezuje její vztah k ostatním vědním oborům, zejména k filosofii. Závěrem klade otázku, jak lze aplikovat logiku v metodologii, technice a kybernetice.
|
| 700 |
1 |
|
|a Mleziva, Miroslav,
|d 1929-1990
|7 jk01081914
|4 aut
|
| 856 |
4 |
1 |
|u http://www.digitalniknihovna.cz/mzk/uuid/uuid:014cfb00-a474-11e2-9a08-005056827e52
|y Digitalizovaný dokument
|x NDK
|
| 910 |
|
|
|a BOA001
|b 2-0483.654
|b PK-0031.288
|
| 990 |
|
|
|a BK
|
| 995 |
|
|
|a 01
|
| 996 |
7 |
|
|b 2619788565
|c 2-0483.654
|l MZK
|r Sklad / do 24 hodin
|n 18
|w 000232435
|u 000030
|a 1
|e BOA001
|j MZK50
|s A
|
| 996 |
6 |
|
|b 2619847807
|c 2-0483.654
|l MZK
|r Sklad / do 24 hodin
|n 8
|w 000232435
|u 000020
|a 1
|e BOA001
|j MZK50
|s P
|
| 996 |
7 |
|
|b 3119662662
|c PK-0031.288
|l MZK
|r Sklad / do 1 hodiny
|n 1
|w 000232435
|u 000050
|a 1
|e BOA001
|j MZK50
|s A
|
| 996 |
7 |
|
|b 3119911778
|c PK-0031.288
|l MZK
|r Sklad / do 1 hodiny
|n 10
|w 000232435
|u 000040
|a 1
|e BOA001
|j MZK50
|s A
|